Jogadores do Benfica 25/26 - Adivinha o Apelido pelo Nome - Statistics

Estatísticas Gerais
  • Esse quiz foi jogado 9 vezes
  • A pontuação média é 15 de 26
Estatísticas das Respostas
Nome Jogador % Correto
Rios Richard
100%
Bah Alexander
88%
Araújo Tomás
88%
Schjelderup Andreas
75%
Silva António
75%
Rego João
75%
Barreiro Leandro
75%
Otamendi Nicolás
75%
Dahl Samuel
75%
Lukebakio Dodi
63%
Barrenechea Enzo
63%
Veloso João
63%
Neto José
63%
Silva Rafa
63%
Dedic Amar
50%
Trubin Anatoliy
50%
Prestianni Gianluca
50%
Araújo Henrique
50%
Soares Samuel
50%
Lopes Cabral Sidny
50%
Banjaqui Daniel
38%
Ivanovic Franjo
38%
Aursnes Fredrik
38%
Pavlidis Vangelis
38%
Sudakov Georgiy
25%
Silva Manu
25%
Nenhum quiz correspondente encontrado
Distribuição das Pontuações
Porcentagem de Pessoas com Cada Pontuação
Percentil de Números Respondidos
Sua Pontuação Histórica
Você não jogou esse quiz